Negatieve getallen - Aftrekken - Statistieken

Algemene statistieken
  • Deze quiz is 13 keer genomen
  • De gemiddelde score is 27 van 30
Antwoordstatistieken
OPGAVE ANTWOORD % Correct
-15 - (-15) = 0
100%
-14 - (-14) = 0
100%
-10 - (-10) = 0
100%
-7 - (-7) = 0
100%
-2 - (-2) = 0
100%
-13 - (-12) = -1
100%
-12 - (-11) = -1
100%
-9 - (-8) = -1
100%
-8 - (-7) = -1
100%
-5 - (-4) = -1
100%
-11 - (-1) = -10
100%
9 - (-1) = 10
100%
-12 - (-1) = -11
100%
10 - (-1) = 11
100%
7 - (-4) = 11
100%
6 - (-5) = 11
100%
-14 - (-2) = -12
100%
9 - (-3) = 12
100%
10 - (-3) = 13
100%
-15 - (-1) = -14
100%
13 - (-1) = 14
100%
8 - (-6) = 14
100%
14 - (-1) = 15
100%
11 - (-4) = 15
100%
10 - (-5) = 15
100%
13 - (-3) = 16
100%
12 - (-4) = 16
100%
8 - (-8) = 16
100%
15 - (-2) = 17
100%
14 - (-3) = 17
100%
10 - (-7) = 17
100%
12 - (-6) = 18
100%
9 - (-9) = 18
100%
15 - (-4) = 19
100%
14 - (-5) = 19
100%
11 - (-8) = 19
100%
10 - (-9) = 19
100%
-15 - (-13) = -2
100%
-11 - (-9) = -2
100%
-10 - (-8) = -2
100%
-7 - (-5) = -2
100%
-6 - (-4) = -2
100%
-3 - (-1) = -2
100%
1 - (-1) = 2
100%
13 - (-7) = 20
100%
12 - (-8) = 20
100%
15 - (-6) = 21
100%
14 - (-7) = 21
100%
11 - (-10) = 21
100%
13 - (-9) = 22
100%
15 - (-8) = 23
100%
13 - (-11) = 24
100%
12 - (-12) = 24
100%
15 - (-10) = 25
100%
14 - (-11) = 25
100%
13 - (-13) = 26
100%
15 - (-12) = 27
100%
14 - (-13) = 27
100%
-13 - (-10) = -3
100%
-12 - (-9) = -3
100%
-8 - (-5) = -3
100%
-5 - (-2) = -3
100%
-4 - (-1) = -3
100%
-15 - (-11) = -4
100%
-14 - (-10) = -4
100%
-11 - (-7) = -4
100%
-7 - (-3) = -4
100%
-6 - (-2) = -4
100%
-12 - (-7) = -5
100%
-9 - (-4) = -5
100%
-15 - (-9) = -6
100%
-14 - (-8) = -6
100%
-11 - (-5) = -6
100%
-10 - (-4) = -6
100%
-13 - (-6) = -7
100%
-9 - (-2) = -7
100%
6 - (-1) = 7
100%
-10 - (-2) = -8
100%
5 - (-3) = 8
100%
4 - (-4) = 8
100%
-13 - (-4) = -9
100%
-12 - (-3) = -9
100%
6 - (-3) = 9
100%
8 - (-2) = 10
88%
13 - (-5) = 18
86%
-11 - (-11) = 0
83%
-14 - (-4) = -10
83%
14 - (-9) = 23
83%
-7 - (-1) = -6
83%
-6 - (-6) = 0
80%
11 - (-2) = 13
80%
9 - (-7) = 16
80%
-12 - (-5) = -7
80%
5 - (-5) = 10
75%
-15 - (-3) = -12
75%
12 - (-2) = 14
75%
11 - (-6) = 17
75%
15 - (-14) = 29
75%
2 - (-1) = 3
75%
-10 - (-6) = -4
75%
-8 - (-3) = -5
75%
7 - (-2) = 9
75%
-4 - (-3) = -1
67%
-15 - (-5) = -10
67%
-13 - (-2) = -11
67%
-13 - (-8) = -5
67%
4 - (-2) = 6
67%
-15 - (-7) = -8
67%
12 - (-10) = 22
60%
-3 - (-3) = 0
50%
8 - (-4) = 12
50%
9 - (-5) = 14
50%
-14 - (-12) = -2
50%
-8 - (-1) = -7
50%
-14 - (-6) = -8
50%
3 - (-2) = 5
33%
7 - (-6) = 13
0%
-9 - (-6) = -3
0%
5 - (-1) = 6
0%
-11 - (-3) = -8
0%
Geen overeenkomende quizzen gevonden
Scoreverdeling
Procent van Mensen met Elke Score
Percentiel versus Aantal Correcte Antwoorden
Uw Scoregeschiedenis
U heeft deze quiz nog niet genomen